000 01322cam a2200313 i 4500
003 SA-RiAUC
005 20241212053905.0
008 241211s1970 le g 00000 ara c
040 _aSA-RiKSU
_bara
_cSA-RiAUC
_erda
041 1 _aara
_hund
043 _aar-----
_af-ua---
_aawgz---
_aa-le---
082 0 4 _a915.3
090 _a915,3
_bم ر و
100 1 _aالمروزي، ناصر خسرو علوي،
_d394-481 هجري
_eمؤلف.
245 1 0 _aسفر نامة :
_bرحلة ناصر خسرو إلى لبنان، فلسطين، مصر، الجزيرة العربية في القرن الخامس الهجري /
_cترجمة يحيى الخشاب.
250 _aالطبعة الثانية.
264 1 _aبيروت :
_bدار الكتاب الجديد،
_c1970
300 _a183 صفحة ؛
_c24 سم
336 _aنص
_btxt
_2rdacontent
_3كتاب
337 _aبدون وسيط
_bn
_2rdamedia
338 _aمجلد
_bnc
_2rdacarrier
651 7 _aمصر
_xوصف ورحلات
_2aucsh
651 7 _aلبنان
_xوصف ورحلات
_2aucsh
651 7 _aفلسطين
_xوصف ورحلات
_2aucsh
651 7 _aشبه الجزيرة العربية
_xوصف ورحلات
_2aucsh
700 1 _aالخشاب، يحيى،
_dولد 1909
_eمترجم.
942 _2ddc
_cBOOK
_n0
949 _aSA-JeALM
_d241211
_uosman123
_n1
999 _c3363
_d3363